LEADER 03529 am 2200697 n 450 001 9910246751903321 005 20171205 010 $a2-85831-249-4 024 7 $a10.4000/books.pressesinalco.2225 035 $a(CKB)4100000001192399 035 $a(FrMaCLE)OB-pressesinalco-2225 035 $a(oapen)https://directory.doabooks.org/handle/20.500.12854/41676 035 $a(PPN)223796433 035 $a(EXLCZ)994100000001192399 100 $a20171212j|||||||| ||| 0 101 0 $afre 135 $auu||||||m|||| 181 $ctxt$2rdacontent 182 $cc$2rdamedia 183 $acr$2rdacarrier 200 10$aAutorité et Pouvoir en perspective comparative /$fDavid Gibeault, Stéphane Vibert 210 $aParis $cPresses de l?Inalco$d2017 215 $a1 online resource (387 p.) 311 $a2-85831-248-6 330 $aL?autorité, thème majeur de la philosophie politique, apparaît comme un mystère (ou une mystification) dans nos sociétés modernes où l?on déplore (ou célèbre) sa disparition, au moment même où les « relations de pouvoir » paraissent s?imposer dans certaines théories comme la clé ouvrant toutes les portes du savoir sociologique, par ses capacités infinies de dévoilement des intérêts cachés au c?ur de toute relation sociale. Pourtant, à l?issue d?un examen approfondi, réunissant des lieux aussi divers que la Chine, l?Inde, la Nouvelle-Calédonie, la Nouvelle-Guinée, les Philippines, la Russie, la Tunisie et Wallis, des sociétés aux régimes politiques allant de l?empire à la « société sans État » en passant par la démocratie et des religions allant de l?islam au chamanisme, l?autorité se révèle être une dimension nécessaire et consubstantielle à la vie sociale, articulant et ordonnant les valeurs fondamentales qui régissent la pensée et l?action collectives. En plaçant chaque forme d?autorité observée dans le tout de chaque culture, ce travail dégage non seulement certaines conclusions quant à la nature de l?autorité, mais invite également à des considérations méthodologiques générales en soulignant les impasses des « anthropologies potestatives » pour lesquelles seuls les rapports de pouvoir sont au fondement de l?ordre social. 606 $aAnthropology 606 $aautorité 606 $aautorité/pouvoir 606 $aholisme 606 $aanthropologie politique 606 $apostmodernisme 606 $apouvoir 610 $aholisme 610 $apouvoir 610 $aautorité 610 $apostmodernisme 610 $aautorité/pouvoir 610 $aanthropologie politique 615 4$aAnthropology 615 4$aautorité 615 4$aautorité/pouvoir 615 4$aholisme 615 4$aanthropologie politique 615 4$apostmodernisme 615 4$apouvoir 700 $aGibeault$b David$01311391 701 $aVibert$b Stéphane$01284451 701 $aBretteville$b Dominik$01281203 701 $aCapdeville-Zeng$b Catherine$01283333 701 $aGibeault$b David$01311391 701 $aLuquin$b Élisabeth$01288112 701 $aOrtis$b Delphine$01307192 701 $aPardo$b Véronique$01311392 701 $aSchneider$b Almut$01311393 701 $aSophie?Chave?Dartoen$01311394 701 $aVibert$b Stéphane$01284451 801 0$bFR-FrMaCLE 906 $aBOOK 912 $a9910246751903321 996 $aAutorité et Pouvoir en perspective comparative$93030316 997 $aUNINA